| 000 | 00584cam a22001931 4500 | ||
|---|---|---|---|
| 001 | z 01000260 | ||
| 003 | DLC | ||
| 005 | 20260227112813.0 | ||
| 008 | 800807s1891 paua 000 0 eng | ||
| 010 | _az 01000260 | ||
| 035 | _a(OCoLC)6595040 | ||
| 040 |
_aDLC _cOCl _dDLC |
||
| 042 | _apremarc | ||
| 050 | 0 | 0 |
_aZ733.P416 _bP |
| 110 | 2 |
_aUniversity of Pennsylvania. _bLibrary. |
|
| 245 | 0 | 0 | _aProceedings at the opening of the library of the University of Pennsylvania, 7th of February 1891. |
| 260 |
_aPhiladelphia, _bUniversity press _c[1891] |
||
| 300 |
_a39 p. _bfront., illus. |
||
| 999 |
_c92451 _d92451 |
||